000 00310nam a2200097Ia 4500
008 160725s9999 xx 000 0 und d
100 _aTomas, Grace Fe C., RN.
245 _aReflective paper on philosophy of education.
260 _bKaizen Research Journal College of Nursing
_cSeptember 2012
650 _aNURSING
999 _c298018
_d298018